00251nam a2200109Ia 4500008004100000100001600041245002500057250000600082260003600088300000900124650000800133191201s2006 xx 000 0 und d aBIMBRA, P S 0aElectrical Machinery a- c2006bKhanna PublisheraN.Delhi a1060 aECE